Manuela (Registro nro. 36812)
[ vista simple ]
| 000 -CABECERA | |
|---|---|
| Longitud fija campo de control | 01779nam a22004215b 4500 |
| 003 - • IDENTIFICADOR DELl NÚMERO DE CONTROL | |
| Identificador del número de control | CO-ViMGA |
| 005 - • FECHA Y HORA DE LA ÚLTIMA TRANSACCIÓN | |
| Fecha y hora de la última transacción | 20230915233552.0 |
| 008 - • CÓDIGOS DE INFORMACIÓN DE LONGITUD FIJA | |
| Códigos de información de longitud fija | 940829s1992 sp | |||| ||spa |
| 017 ## - NÚMERO DE COPYRIGHT O DE DEPÓSITO LEGAL | |
| Número de copyright o de depósito legal | B 32159-1992 |
| Agencia que asigna el número | Oficina Deps̤ito Legal Barcelona |
| 020 ## - • NÚMERO INTERNACIONAL NORMALIZADO PARA LIBROS | |
| Número Internacional Normalizado para Libros (ISBN) | 8423626741 |
| 040 ## - FUENTE DE LA CATALOGACIÓN | |
| Centro catalogador de origen | CO-ViMGA |
| Lengua de catalogación | spa |
| Centro transcriptor | CO-ViMGA |
| 080 #0 - NÚMERO DE LA CLASIFICACIÓN DECIMAL UNIVERSAL | |
| Número de la Clasificación Decimal Universal | 087.5:82 |
| 100 1# - • PUNTO DE ACCESO PRINCIPAL-NOMBRE DE PERSONA | |
| Nombre de persona | Osorio, Marta |
| 245 10 - • TITULO PROPIAMENTE DICHO | |
| Título | Manuela |
| Medio | [Texto impreso] |
| Mención de responsabilidad, etc. | texto, Marta Osorio ; ilustraciones, Violeta Monreal |
| 300 ## - • DESCRIPCIÓN FÍSICA | |
| Extensión | [32] p. |
| Otras características físicas | il. col. |
| Dimensiones | 19 cm |
| 440 #0 - • Mención de serie/Asiento secundario de título (R) | |
| -- | 10705 |
| 700 1# - • PUNTO DE ACCESO ADICIONAL - NOMBRE DE PERSONA | |
| Nombre de persona | Monreal, Violeta |
| Fechas asociadas al nombre | 1963- |
| 942 ## - ENTRADA DE ELEMENTOS AGREGADOS (KOHA) | |
| Fuente de clasificaión o esquema | Dewey Decimal Classification |
| Koha [por defecto] tipo de item | LIbro |
| 956 ## - LOCALIZACIÓN Y ACCESO ELECTRÓNICO LOCAL (OCLC) | |
| Nombre de la fuente | 1 2 |
| 980 ## - EQUIVALENCIA O SECCIÓN-REFERENCIA-INFORME SERIES--NOMBRE / TÍTULO DE PERSONA [LOCAL, CANADA] | |
| Nombre personal | B 11312-2006 |
| -- | 84-236-2674-1 |
| -- | M-BN |
| Numeración | BNALCALA |
| Atributo cualificador | DL/1501557 |
| T&íacute;tulos u otras palabras asociadas a nombre | CONSERVACI |
| 980 ## - EQUIVALENCIA O SECCIÓN-REFERENCIA-INFORME SERIES--NOMBRE / TÍTULO DE PERSONA [LOCAL, CANADA] | |
| Nombre personal | B 11312-2006 |
| -- | 84-236-2674-1 |
| -- | M-BN |
| Atributo cualificador | AHMo/220327 |
| 980 ## - EQUIVALENCIA O SECCIÓN-REFERENCIA-INFORME SERIES--NOMBRE / TÍTULO DE PERSONA [LOCAL, CANADA] | |
| Nombre personal | B 115-1998 |
| -- | M-BN |
| Numeración | BNALCALA |
| Atributo cualificador | DL/840079 |
| T&íacute;tulos u otras palabras asociadas a nombre | CONSERVACI |
| 980 ## - EQUIVALENCIA O SECCIÓN-REFERENCIA-INFORME SERIES--NOMBRE / TÍTULO DE PERSONA [LOCAL, CANADA] | |
| Nombre personal | B 20142-2001 |
| -- | 84-236-2674-1 |
| -- | M-BN |
| Numeración | BNALCALA |
| Atributo cualificador | DL/1095732 |
| T&íacute;tulos u otras palabras asociadas a nombre | CONSERVACI |
| 980 ## - EQUIVALENCIA O SECCIÓN-REFERENCIA-INFORME SERIES--NOMBRE / TÍTULO DE PERSONA [LOCAL, CANADA] | |
| Nombre personal | B 3186-1996 |
| -- | M-BN |
| Numeración | BNALCALA |
| Atributo cualificador | DL/695362 |
| T&íacute;tulos u otras palabras asociadas a nombre | CONSERVACI |
| 980 ## - EQUIVALENCIA O SECCIÓN-REFERENCIA-INFORME SERIES--NOMBRE / TÍTULO DE PERSONA [LOCAL, CANADA] | |
| Nombre personal | B 47087-2004 |
| -- | 84-236-2674-1 |
| -- | M-BN |
| Numeración | BNALCALA |
| Atributo cualificador | AHM/821975 |
| T&íacute;tulos u otras palabras asociadas a nombre | SALA_ALC |
| 980 ## - EQUIVALENCIA O SECCIÓN-REFERENCIA-INFORME SERIES--NOMBRE / TÍTULO DE PERSONA [LOCAL, CANADA] | |
| Nombre personal | B 47087-2004 |
| -- | 84-236-2674-1 |
| -- | M-BN |
| Numeración | BNALCALA |
| Atributo cualificador | DL/1370453 |
| T&íacute;tulos u otras palabras asociadas a nombre | CONSERVACI |
| 980 ## - EQUIVALENCIA O SECCIÓN-REFERENCIA-INFORME SERIES--NOMBRE / TÍTULO DE PERSONA [LOCAL, CANADA] | |
| Nombre personal | B 47087-2004 |
| -- | 84-236-2674-1 |
| -- | M-BN |
| Atributo cualificador | AHMo/114884 |
| 980 ## - EQUIVALENCIA O SECCIÓN-REFERENCIA-INFORME SERIES--NOMBRE / TÍTULO DE PERSONA [LOCAL, CANADA] | |
| Nombre personal | B 49609-2002 |
| -- | 84-236-2674-1 |
| -- | M-BN |
| Numeración | BNALCALA |
| Atributo cualificador | DL/1201259 |
| T&íacute;tulos u otras palabras asociadas a nombre | CONSERVACI |
| 980 ## - EQUIVALENCIA O SECCIÓN-REFERENCIA-INFORME SERIES--NOMBRE / TÍTULO DE PERSONA [LOCAL, CANADA] | |
| Nombre personal | B 52320-1998 |
| -- | 84-236-2674-1 |
| -- | M-BN |
| Numeración | BNALCALA |
| Atributo cualificador | DL/898226 |
| T&íacute;tulos u otras palabras asociadas a nombre | CONSERVACI |
| 980 ## - EQUIVALENCIA O SECCIÓN-REFERENCIA-INFORME SERIES--NOMBRE / TÍTULO DE PERSONA [LOCAL, CANADA] | |
| Nombre personal | B 821-2000 |
| -- | M-BN |
| Numeración | BNALCALA |
| Atributo cualificador | DL/1000016 |
| T&íacute;tulos u otras palabras asociadas a nombre | CONSERVACI |
| 980 ## - EQUIVALENCIA O SECCIÓN-REFERENCIA-INFORME SERIES--NOMBRE / TÍTULO DE PERSONA [LOCAL, CANADA] | |
| Nombre personal | B 9950-2002 |
| -- | 84-236-2674-1 |
| -- | M-BN |
| Numeración | BNALCALA |
| Atributo cualificador | DL/1143900 |
| T&íacute;tulos u otras palabras asociadas a nombre | CONSERVACI |
| 980 ## - EQUIVALENCIA O SECCIÓN-REFERENCIA-INFORME SERIES--NOMBRE / TÍTULO DE PERSONA [LOCAL, CANADA] | |
| Nombre personal | M-BN |
| Numeración | BNALCALA |
| Atributo cualificador | DL/622233 |
| T&íacute;tulos u otras palabras asociadas a nombre | CONSERVACI |
| 980 ## - EQUIVALENCIA O SECCIÓN-REFERENCIA-INFORME SERIES--NOMBRE / TÍTULO DE PERSONA [LOCAL, CANADA] | |
| Nombre personal | M-BN |
| Numeración | BNMADRID |
| Atributo cualificador | VC/21325/7 |
| T&íacute;tulos u otras palabras asociadas a nombre | SG_RECOLET |
| Perdido | Fuente de clasificación o esquema | Estado Físico | No para préstamo | Forma de adquisición | Localización permanente | Localización actual | Fecha adquisición | Préstamos totales | Signatura completa | Código de barras | Fecha última consulta | Fecha del precio de reemplazo | Tipo de item de Koha |
|---|---|---|---|---|---|---|---|---|---|---|---|---|---|
| Dewey Decimal Classification | Sala Infantil Segundo Piso | Biblioteca Pública Germán Arciniegas - Villavicencio | Biblioteca Pública Germán Arciniegas - Villavicencio | 08/29/2017 | OSOma | 45610 | 08/29/2017 | 08/29/2017 | LIbro |